Novedades laborales del 2007

Bibliographic Details
Main Author: Sǹchez Icart, Javier
Other Authors: Mir ̤i Morros, Daniel, Přez, Andrš
Format: Unknown
Language:Spanish
Published: [Barcelona][etc.] : Planificacin̤ Jurd̕ica, 2007
Subjects:
Online Access:Acceso restringido

MARC

LEADER 00000ny a22000003n 4500
005 2011052506416.0
008 080702s2007 sp s 000 0 spa c
020 |a 8493463450 
035 |a 1759 
040 |a UMA.RE  |d vLex 
080 |a 349.2(460)"2007"(0.034) 
090 |c 263  |d 263 
100 1 |a Sǹchez Icart, Javier 
245 1 0 |a Novedades laborales del 2007  |h [Recurso electrn̤ico]  |c Javier Sǹchez Icart, Daniel Mir ̤i Morros, Andrš Přez 
256 |a Servicio en ln̕ea 
260 |a [Barcelona][etc.] :  |b Planificacin̤ Jurd̕ica,  |c 2007 
506 1 |a Contenido solo disponible en los productos indicados  |d vLex Global  |d vLex Global (Academic Edition, excluding Law Schools)  |d vLex Global (U.S. Academic Edition, Law Schools)  |d vLex Global (U.S. Academic Edition, excluding Law Schools)  |d vLex Global (Academic Edition, Law Schools) 
650 0 4 |a Laboral  |2 Tesauro vLex 
650 0 4 |a Pensiones  |2 Tesauro vLex 
650 0 4 |a Derecho presupuestario  |2 Tesauro vLex 
650 0 4 |a Fomento del empleo  |2 Tesauro vLex 
650 0 4 |a Trabajadores autn̤omos  |2 Tesauro vLex 
650 0 4 |a Derecho a la igualdad  |2 Tesauro vLex 
650 0 4 |a Empleados pb︢licos  |2 Tesauro vLex 
700 1 |a Mir ̤i Morros, Daniel 
700 1 |a Přez, Andrš 
740 0 |a vLex Libros (Servicios en ln̕ea) 
856 4 0 |u http://vlex.com/source/1759  |z Acceso restringido 
942 |c BOOK 
999 0 |a Labor laws and legislation  |b Barcelona